000 00474nam a22001937a 4500
003 MPLRDC
005 20220104183054.0
008 210129b ||||| |||| 00| 0 eng d
020 _a957-30226-7-1
082 _a427.41 CMF
100 _a蔡孟芬编著
245 _a恋上花草茶
_c
250 _a初版
260 _a台湾
_b天佑智讯有限公司
_c2007
300 _b
490 _a品味生活家. 01
650 _a饮料--茶
942 _cBK
_o427.41 CMF
999 _c62241
_d62231